| 000 | 00956nam a2200181Ia 4500 | ||
|---|---|---|---|
| 008 | 220216s9999 xx 000 0 und d | ||
| 100 | _aMushrif S K | ||
| 245 | 0 | _aControl of patch canker disease on Hevea brasiliensis | |
| 260 |
_bNatural Rubber Research _c2005 |
||
| 300 | _a149-153 | ||
| 520 | _aFive systemic and contact fungicides incorporated in a petroleum wound dressing compound were evaluated for the control of patch canker disease caused by Phytophthora spp. in the Hevea brasiliensis clone PB 260 in comparison with bordeaux paste. Among them, mancozeb, metalaxyl + mancozeb, phosphorous acid and thiophosphate were found to be effective. However, considering consistency of disease control and the cost of treatments mancozeb is the fungicide of choice for the control of the disease. | ||
| 650 | _aDisease control | ||
| 650 | _aPatch canker | ||
| 650 | _aPhytophthora spp | ||
| 700 | _aJacob C K | ||
| 700 | _aPrem E E | ||
| 942 | _cJS | ||
| 999 |
_c56309 _d56309 |
||